| 000 | 00655nam a2200241Ia 4500 | ||
|---|---|---|---|
| 003 | OSt | ||
| 005 | 20220918202107.0 | ||
| 006 | a|||||r|||| 00| 0 | ||
| 007 | ta | ||
| 008 | 220917b |||||||| |||| 00| 0 eng d | ||
| 024 | _a98,725 | ||
| 037 | _cTextual | ||
| 040 |
_aARTS _cARTS _beng |
||
| 041 |
_2eng _aeng |
||
| 082 | _aV2:19.5.N78-N76, M0 | ||
| 100 |
_aNaik J A _997343 |
||
| 245 | 0 |
_aIndia and the ucommunist countries _b Documents 1976-78 |
|
| 260 |
_aKolahapur _bAvinash _c1980 |
||
| 300 |
_aviii, 327p. _ccm. |
||
| 650 | _aHISTORY | ||
| 942 |
_hV2:19.5.N78-N76, M0 _cTEXL _2CC |
||
| 999 |
_c222311 _d222311 |
||